Statistics for Города по Буквам — Г

Click here to take the quiz!

General Stats

  • This quiz has been taken 116 times
  • The average score is 7 of 15

Answer Stats

ПодсказкаГород% Correct
Главный город ЧечниГрозный
87%
Известный немецкий портГамбург
87%
В 1997 этот Британия передала этот город КитаюГонконг
78%
Палестинский изолированный город, Сектор...Газа
76%
Там находятся египетские пирамидыГиза
63%
Здесь находится Международный уголовный судГаага
60%
Столица Острова СвободыГавана
44%
Столица штата ГавайиГонолулу
43%
Немецкий город, из которого происходили многие английские монархииГанновер
40%
До Второй мировой этот был вольным городом ДанцигГданьск
38%
По некоторым данным, второй по величине город МексикиГвадалахара
26%
Ранее назывался КантонГуанчжоу
22%
Одна из самых богатых и влиятельных торговых наций СредневековьяГенуя
22%
Столица штата ПенсильванияГаррисберг
6%
Столица бывшего королевства СиккимГангток
2%

Score Distribution

Percentile by Number Answered

Percent of People with Each Score

Your Score History

You have not taken this quiz